000 00673nam a2200253Ia 4500
003 OSt
005 20220912150657.0
006 a|||||r|||| 00| 0
007 ta
008 220909b |||||||| |||| 00| 0 eng d
024 _a36161
037 _cTextual
040 _aCSL
_beng
_cCSL
041 _aeng
082 _aD65,8(B)2:4, M0-;1-2
100 _aGear C W
245 0 _aComputer organization and programming
250 _a3
260 _aAuckland
_bMcGraw Hill Internation Book
_c1980
300 _axiii, 442p.
_ccm.
650 _acomputer organisation
942 _hD65,8(B)2:4, M0-;1-2
_cTEXL
_2CC
999 _c52355
_d52355